Turkish names of Balkan cities - Statistics

General Stats
  • This quiz has been taken 117 times
  • The average score is 6 of 16
Answer Stats
Picture Hint Answer % Correct
Dobravenedik (HR) Dubrovnik
89%
Saraybosna (BiH) Sarajevo
76%
Üsküp (NMK) Skopje
75%
Böğürtlen (MNE) Podgorica
51%
Manastır (NMK) Bitola
37%
Kaloşvar (RO) Cluj-Napoca
37%
Arnavut Belgradı (AL) Berat
27%
Göriçe (AL) Korçë
27%
Karacofça (SRB) Kragujevac
27%
Feyomi (HR) Rijeka
27%
İpek (RKS) Pejë/Peć
23%
Yakova (RKS) Gjakovë/Đakovica
21%
Tivar (MNE) Bar
18%
Köprülü (NMK) Veles
18%
Akçahisar (AL) Krujë
14%
Erdel Belgradı (RO) Alba Iulia
6%
No matching quizzes found
Score Distribution
Percent of People with Each Score
Percentile by Number Answered
Your Score History
You have not taken this quiz